000 00542nam a2200181 a 4500
005 20140310183301.0
008 041213s19uu xx 00 eng d
050 _aHD 31
_b.Sm57 1959
100 _aSmith, George Jr.
245 _aPolicy formulation and administration /
_cGeorge Smith Jr.
260 _aHomewood, Illinois :
_bRichard D. Irwin Inc.,
_c1959.
300 _a835 p. :
_c24 cm.
521 _aBSBA
650 _aIndustrial management
_xCase studies.
700 _aChristensen, Roland
942 _cBK
_2lcc
_kFOR
999 _c20973
_d20973